The Revelation of Jesus Christ / (Record no. 4466)

MARC details
000 -LEADER
fixed length control field 00516nam a22001817a 4500
003 - CONTROL NUMBER IDENTIFIER
control field GBCCL
005 - DATE AND TIME OF LATEST TRANSACTION
control field 20241126110519.0
008 - FIXED-LENGTH DATA ELEMENTS--GENERAL INFORMATION
fixed length control field 180122b xxu||||| |||| 00| 0 eng d
040 ## - CATALOGING SOURCE
Transcribing agency gbc
082 ## - DEWEY DECIMAL CLASSIFICATION NUMBER
Classification number 228.07
Item number BAI
100 ## - MAIN ENTRY--PERSONAL NAME
Personal name Baines, T. B.
9 (RLIN) 8336
245 ## - TITLE STATEMENT
Title The Revelation of Jesus Christ /
Statement of responsibility, etc. T. B. Baines
250 ## - EDITION STATEMENT
Edition statement 5th Ed.
260 ## - PUBLICATION, DISTRIBUTION, ETC.
Place of publication, distribution, etc. Dillenburg:
Name of publisher, distributor, etc. Gute Botschaft Varlag (GBV),
Date of publication, distribution, etc. 1991
300 ## - PHYSICAL DESCRIPTION
Extent 325 p.;
Dimensions 22 cm.
650 ## - SUBJECT ADDED ENTRY--TOPICAL TERM
Topical term or geographic name entry element Bible
Form subdivision New Testament
-- Revelation
General subdivision Commentaries
9 (RLIN) 8337
942 ## - ADDED ENTRY ELEMENTS (KOHA)
Source of classification or shelving scheme Dewey Decimal Classification
Koha item type Books
Koha issues (borrowed), all copies 7
Holdings
Withdrawn status Lost status Source of classification or shelving scheme Damaged status Not for loan Home library Current Library Shelving location Date acquired Total checkouts Total renewals Full call number Barcode Date last seen Date last checked out Copy number Price effective from Koha item type
    Dewey Decimal Classification     GRACE BIBLE COLLEGE GRACE BIBLE COLLEGE Biblical Studies 2018-01-22 7 2 228.07 BAI 009000 2025-05-01 2024-01-27 c.1 2018-01-22 Books
© Grace Bible College Library 2025